La densidad del presente /

Gardado en:
Detalles Bibliográficos
Autor Principal: Gutiérrez, Gustavo (autor)
Formato: Libro
Idioma:Lingua castelá
Publicado: Salamanca, España : Sígueme, 2003, c2003
Series:(Nueva Alianza ; 180)
Temas:
Etiquetas: Engadir etiqueta
Sen Etiquetas, Sexa o primeiro en etiquetar este rexistro!

MARC

LEADER 00000nam^a2200000^a^4500
001 000157561
005 20250521000000.0
009 20260310100542.373
020 |a 84-301-1496-3 
037 |a Acervo ITESO - Biblioteca 
041 |a ESP 
082 |a 260.  |b GUT 
100 |a Gutiérrez, Gustavo  |e (autor) 
245 1 3 |a La densidad del presente /  |c G. Gutiérrez ; introd. de Casiano Floristán. 
264 4 |a Salamanca, España :  |b Sígueme,  |c 2003, c2003 
300 |a 206 p. 
336 |a texto  |b txt  |2 rdacontenido 
337 |a sin mediación  |b n  |2 rdamedio 
338 |a volumen  |b nc  |2 rdasoporte 
440 1 |a (Nueva Alianza ;  |v 180) 
649 |a XX 
650 |a Derechos Humanos 
650 |a Evangelización 
650 |a Teología de la Liberación 
650 |a Iglesia y Problemas Sociales 
650 |a Iglesia Católica en Latinoamérica 
650 |a Iglesia y Problemas Sociales 
650 |a Catolicismo 
650 |a Cristianismo 
650 |a Teología 
650 |a Eclesiología 
650 |a Religión 
910 |a Fondo General 
920 |a Impresos - Libros 
930 |a Colección General 
905 |a 101 
901 |a 0500087223  |b IT1  |c ACC  |u 20250521 
902 |a https://opac.biblio.iteso.mx/vufind/Record/000157561